000
00195 a2200097 4500
020
_a
9788408067344
041
_a
spa
100
_a
Juan Carlos Arce
245
_a
El aire de un Fantasma
942
_c
K
999
_c
26672
_d
26672